Handel zagraniczny
Na minha lista:
| Formato: | Periódico |
|---|---|
| Idioma: | polonês |
| Publicado em: |
Warszawa
Krajowa izba gospodarcza
1992
|
| Assuntos: | |
| Tags: |
Sem tags, seja o primeiro a adicionar uma tag!
|
MARC
| LEADER | 00000nas2a2200000 4500 | ||
|---|---|---|---|
| 001 | s016291 | ||
| 005 | 20240109094022.1 | ||
| 022 | |a 0017-7245 | ||
| 041 | 0 | |a pol | |
| 044 | |a PL | ||
| 245 | 1 | 0 | |a Handel zagraniczny |
| 264 | 1 | |a Warszawa |b Krajowa izba gospodarcza |c 1992 | |
| 300 | |a 1 zv. | ||
| 773 | 0 | |w eu_un_cat*s120722 | |
| 610 | 2 | 0 | |a obchod zahraničný |
| 610 | 2 | 0 | |a politika zahraničnoobchodná |